Jugadores del Athletic Club que han debutado con España - Estadísticas

Estadísticas generales
  • Esta prueba ha sido intentada 76 veces
  • La puntuación promedio es 23 de 106
Estadísticas de respuestas
Debut Jugador % Correcto
2016 Iñaki Williams
97%
2022 Nico Williams
97%
2020 Unai Simón
87%
2024 Vivian
86%
2023 Ohian Sancet
84%
2018 Iñigo Martínez
83%
2010 Javi Martínez
83%
2012 Muniain
76%
2016 Aduriz
75%
2014 San José
65%
2008 Llorente
63%
1993 Julen Guerrero
60%
2017 Kepa
59%
2012 Susaeta
59%
1945 Zarra
59%
1964 Iríbar
56%
2024 Paredes
52%
2008 Iraola
49%
2014 Iturraspe
46%
1962 | 1997 Etxeberria
41%
1977 Dani
38%
1996 Urzaiz
38%
1985 Zubizarreta
38%
1986 Julio Salinas
37%
1988 Patxi Salinas
37%
1920 Pichichi
37%
2019 Unai Núñez
32%
1990 Ernesto Valverde
29%
2015 Etxeita
29%
1983 Sarabia
27%
1990 Alkorta
25%
1995 Karanka
25%
2004 Aranzubía
24%
1983 | 1990 Goikoetxea
24%
1945 Gainza
21%
1973 Jose Ángel Rojo
21%
2002 Orbaiz
21%
1969 Txetxu Rojo
21%
1946 Panizo
19%
2002 Tiko
19%
2004 Del Horno
17%
1998 Ezquerro
17%
1930 Gorostiza
16%
1998 Alkiza
13%
1931 Bata
13%
1946 Iriondo
13%
1997 Roberto Ríos
13%
1924 Larraza
11%
1968 Uriarte
11%
1987 Andrinua
10%
1978 Argote
10%
1991 Ziganda
10%
1920 Belauste
8%
1922 | 1954 Carmelo
8%
1949 Venancio
8%
1968 Iñaki Saez
6%
1927 Lafuente
6%
1978 Alexanco
5%
1955 | 1970 Arieta
5%
1988 Ferreira
5%
1985 Liceranzu
5%
1980 Urkiaga
5%
1984 Urtubi
5%
1925 Bilbao
3%
1957 Canito
3%
1984 De Andrés
3%
1931 Iraragorri
3%
1994 Larrainzar
3%
1955 Maguregui
3%
1953 Orúe
3%
1954 Artetxe
2%
1947 Bertol
2%
1930 Blasco
2%
1924 Chirri I
2%
1928 Chirri II
2%
1971 Churruca
2%
1978 Escalza
2%
1953 Garay
2%
1947 Lezama
2%
1947 Nando
2%
1936 Zubieta
2%
1920 Acedo
0%
1948 Aldecoa
0%
1942 Arqueta
0%
1931 Cilaurren
0%
1928 | 1941 Echevarría
0%
1930 Garizurieta
0%
1980 Guisasola
0%
1961 Koldo Agirre
0%
1924 Laca
0%
1928 Legarreta
0%
1953 Manolín
0%
1941 Mieza
0%
1930 Muguerza
0%
1941 Oceja
0%
1924 Rousse
0%
1920 Sabino
0%
1920 Sesúmaga
0%
1922 Travieso
0%
1955 Ugartemendia
0%
1927 Vidal
0%
No se encontraron pruebas coincidentes
Distribución de puntuación
Porcentaje de gente con cada puntuación
Porcentaje por número respondido
Historial de tus puntuaciones
No has intentado esta prueba.